[Event "14. Magistral República Argentina"]
[Site "Villa Martelli ARG"]
[Date "2010.08.11"]
[Round "8.4"]
[White "Slipak, Sergio"]
[Black "Real de Azua, Ernesto"]
[Result "1/2-1/2"]
[WhiteElo "2440"]
[BlackElo "2432"]
[PlyCount "77"]
[EventDate "2010.08.04"]
[EventType "tourn"]
[EventRounds "9"]
[EventCountry "ARG"]
[EventCategory "7"]
[Source "lmi"]
[SourceDate "2010.08.04"]

1. c4 Nf6 2. Nc3 g6 3. g3 Bg7 4. Bg2 O-O 5. e4 d6 6. Nge2 e5 7. O-O Nc6 8. d3
Ne8 9. Be3 Nd4 10. Qd2 c5 11. Nd5 Nc7 12. Nec3 Nxd5 13. Nxd5 Be6 14. f4 exf4
15. gxf4 f5 16. Rae1 Bxd5 17. cxd5 Qh4 18. Qf2 Qh5 19. b4 b6 20. Kh1 Rae8 21.
bxc5 bxc5 22. Bxd4 Bxd4 23. Qg3 fxe4 24. dxe4 Bf6 25. Qh3 Qxh3 26. Bxh3 Bc3 27.
Re2 Rb8 28. e5 dxe5 29. fxe5 Rxf1+ 30. Bxf1 Rb1 31. Kg2 Rb2 32. e6 Rxe2+ 33.
Bxe2 Be5 34. h3 Kf8 35. Kf3 Ke7 36. Ke4 Bd6 37. Kd3 Kd8 38. Kc4 Kc7 39. Kb5
1/2-1/2

[Event "14. Magistral República Argentina"]
[Site "Villa Martelli ARG"]
[Date "2010.08.11"]
[Round "8.5"]
[White "Barreto Filho, Carlos Alberto"]
[Black "Barrionuevo, Pablo"]
[Result "0-1"]
[WhiteElo "2329"]
[BlackElo "2337"]
[PlyCount "90"]
[EventDate "2010.08.04"]
[EventType "tourn"]
[EventRounds "9"]
[EventCountry "ARG"]
[EventCategory "7"]
[Source "lmi"]
[SourceDate "2010.08.04"]

1. d4 Nf6 2. c4 g6 3. Nc3 d5 4. Bf4 Bg7 5. e3 c6 6. h3 O-O 7. Nf3 Qb6 8. Qb3
Be6 9. c5 Qxb3 10. axb3 Nbd7 11. b4 Ne4 12. Ra3 a6 13. Bd3 f5 14. Ne5 Nxe5 15.
Bxe5 Bxe5 16. dxe5 Nxc3 17. bxc3 f4 18. exf4 Rxf4 19. g3 Rf3 20. Be2 Rff8 21.
h4 Rad8 22. O-O d4 23. c4 d3 24. Rxd3 Rxd3 25. Bxd3 Rd8 26. Be2 Rd2 27. Re1 Rb2
28. b5 axb5 29. cxb5 cxb5 30. Bf3 Rc2 31. Bxb7 Rxc5 32. Be4 b4 33. f4 b3 34.
Rb1 Rc4 35. Bf3 Rc3 36. Be2 Rxg3+ 37. Kf2 Rc3 38. Ke1 Rh3 39. Kf2 Rh2+ 40. Ke3
Rxh4 41. Rb2 Rh3+ 42. Kd4 Kg7 43. Bc4 Bxc4 44. Kxc4 Rf3 45. Kd5 Kf7 0-1